49ers history players - Statistics

General Stats
  • This quiz has been taken 378 times
  • The average score is 5 of 14
Answer Stats
Hint Answer % Correct
Best WR in NFL History Jerry Rice
99%
Left handed QB Steve Young
91%
TO Terrell Owens
90%
"Isn't that John Candy" Joe Montana
89%
Safety that wore 42 Ronnie Lott
85%
Traded to the Cowboys and won 3 Super Bowls with them Charles Haley
18%
"The Jet" Joe Perry
14%
One of the best man-to-man defenders in NFL history Jimmy Johnson
9%
"Million Dollar Backfield" QB Y.A. Tittle
9%
"Million Dollar Backfield" HB Hugh McElhenny
7%
DE that played in Super Bowls XVI and XIX Fred Dean
6%
"Million Dollar Backfield" FB John Henry Johnson
5%
"The Intimidator" Dave Wilcox
3%
"The Lion" Leo Nomellini
1%
No matching quizzes found
Score Distribution
Percent of People with Each Score
Percentile by Number Answered
Your Score History
You have not taken this quiz